Biological system from the viewpoint of the automatic control system; Технологии Microsoft в теории и практике программирования

Библиографические подробности
Источник:Технологии Microsoft в теории и практике программирования.— 2014.— [С. 40-41]
Главный автор: Razumova E.
Автор-организация: Национальный исследовательский Томский политехнический университет (ТПУ) Институт кибернетики (ИК) Кафедра иностранных языков института кибернетики (ИЯИК)
Другие авторы: Pichugova I. L. Inna Leonidovna (научный руководитель)
Примечания:Заглавие с титульного листа.
This article is focused on the similarity in the work principles of automatic and biological control systems from the standpoint of the automatic theory control. It also shows some examples of "iving machines".
Язык:английский
Опубликовано: 2014
Серии:Автоматизированные системы управления и мехатроника
Предметы:
Online-ссылка:http://www.lib.tpu.ru/fulltext/c/2014/C28/013.pdf
Формат: Электронный ресурс Статья
Запись в KOHA:https://koha.lib.tpu.ru/cgi-bin/koha/opac-detail.pl?biblionumber=609497

MARC

LEADER 00000naa2a2200000 4500
001 609497
005 20231101132548.0
035 |a (RuTPU)RU\TPU\conf\6980 
035 |a RU\TPU\conf\6954 
090 |a 609497 
100 |a 20141114d2014 k y0rusy50 ca 
101 0 |a eng  |d eng 
102 |a RU 
105 |a y z 100zy 
135 |a drgn ---uucaa 
181 0 |a i  
182 0 |a b 
200 1 |a Biological system from the viewpoint of the automatic control system  |f E. Razumova  |g sci. adv. I. L. Pichugova 
203 |a Текст  |c электронный 
225 1 |a Автоматизированные системы управления и мехатроника 
230 |a 1 компьютерный файл (pdf; 226 Кб) 
300 |a Заглавие с титульного листа. 
320 |a [Библиогр.: с. 41 (3 назв.)] 
330 |a This article is focused on the similarity in the work principles of automatic and biological control systems from the standpoint of the automatic theory control. It also shows some examples of "iving machines". 
337 |a Adobe Reader 
463 1 |0 (RuTPU)RU\TPU\conf\6841  |t Технологии Microsoft в теории и практике программирования  |o сборник трудов XI Всероссийской научно-практической конференции студентов, аспирантов и молодых ученых, г.Томск, 23-24 апреля 2014 г.  |f Национальный исследовательский Томский политехнический университет (ТПУ), Институт кибернетики ; ред. кол. А. В. Лиепиньш и др.  |v [С. 40-41]  |d 2014 
610 1 |a электронный ресурс 
610 1 |a труды учёных ТПУ 
610 1 |a биологические системы 
610 1 |a автоматические системы 
610 1 |a автоматическое управление 
610 1 |a автоматические системы управления 
700 1 |a Razumova  |b E. 
702 1 |a Pichugova  |b I. L.  |c linguist  |c Senior Lecturer of Tomsk Polytechnic University  |f 1977-  |g Inna Leonidovna  |2 stltpush  |4 727 
712 0 2 |a Национальный исследовательский Томский политехнический университет (ТПУ)  |b Институт кибернетики (ИК)  |b Кафедра иностранных языков института кибернетики (ИЯИК)  |h 6714  |2 stltpush  |3 (RuTPU)RU\TPU\col\18707 
801 2 |a RU  |b 63413507  |c 20141114  |g RCR 
856 4 |u http://www.lib.tpu.ru/fulltext/c/2014/C28/013.pdf 
942 |c BK